00777nam a2200193 a 450000100100000000500170001000800410002704000250006808200150009310000330010824500500014126000720019130000400026350000460030350000310034950000730038095201130045399900170056600004266620201002040318.0140204s1876 enkab 000 0 spa d aDO-SdBNPbspacBNPHU axxxxbxxxx1 aBidwell, Charles Toll96995610aThe Balearic Islands /cCharles Toll Bidwell. aLondon, París :bSampson Low, Marston, Searle & Rivington,c1876. aVII, 341 p. :bil., mapas ;c23 cm. aLa biblioteca posee la reimpresión 1978 aWith map and illustrations aIncluye referencias bibliográficas y notas al pie de las páginas 001050718MOaGRbGRcCTd2014-02-04iLF1l0oxxxx xxxxp42666-10r2020-06-25w2020-06-25y1ZNo se presta c42155d42155